000 00455nam a2200181Ia 4500
005 20230707121700.0
008 131103s9999 xx 000 0 und d
040 _aLoreto College
041 _aEnglish
082 _aF
_bFAL
100 _aFalconer,Colin
245 _aDisappeared
_cColin Falconer
260 _aLondon
_bCoronet Books/Hodder and Stoughton
_c1997
300 _a358 p.
650 _aFiction in English
850 _aLCLIB
942 _cBK
999 _c15945
_d66424